Abrir el concilio: teología e iglesia a los 50 años del Vaticano II
সংরক্ষণ করুন:
| প্রধান লেখক: | , |
|---|---|
| বিন্যাস: | গ্রন্থ |
| ভাষা: | স্প্যানিশ |
| প্রকাশিত: |
Maliaño
Sal Terrae
2018
|
| সংস্করন: | 1a. ed |
| মালা: | Colección Presencia Teológica, 258
|
| বিষয়গুলি: | |
| ট্যাগগুলো: |
ট্যাগ যুক্ত করুন
কোনো ট্যাগ নেই, প্রথমজন হিসাবে ট্যাগ করুন!
|
MARC
| LEADER | 00000cam a2200000 a 4500 | ||
|---|---|---|---|
| 001 | UCC3383 | ||
| 003 | CL-VaPUC | ||
| 008 | 180504e20180000sp |||||||||||||||||spa|d | ||
| 020 | |a 9788429327229 | ||
| 082 | 0 | 4 | |a 262.5 |b BOT |2 21 |
| 100 | 0 | |a Böttigheimer, Christoph |e author |9 597387 | |
| 700 | 0 | |a Dausner, René |e author |9 597388 | |
| 245 | 1 | 0 | |a Abrir el concilio: teología e iglesia a los 50 años del Vaticano II |
| 250 | |a 1a. ed | ||
| 300 | |a 143 p | ||
| 942 | |c BK | ||
| 945 | |d 20180504 14:32:00 |a arojas | ||
| 260 | |a Maliaño |b Sal Terrae |c 2018 | ||
| 600 | 0 | 7 | |a CONCILIO VATICANO II |2 CL-VaPUC |9 580615 |
| 650 | 0 | |a Teología |9 258766 | |
| 650 | 0 | |a Historia de la iglesia |9 257565 | |
| 650 | 0 | |a Concilios ecuménicos |9 399684 | |
| 583 | |a last modification |c 20180504 14:32:00 |k Rodrigo Vera | ||
| 490 | 0 | |a Colección Presencia Teológica, 258 | |
| 999 | |c 371114 |d 371112 | ||
| 952 | |0 0 |1 0 |3 erb |4 0 |6 262_500000000000000_BOT_2018 |7 0 |8 A |9 487999 |a BIBTEO |b BIBTEO |i 5468337 |o 262.5 BOT 2018 |p 5468337 |r 2025-01-17 |w 2019-11-24 |y BK |z Catalogado en:20180504 |k ICR | ||
| 952 | |0 0 |1 0 |3 erb |4 0 |6 262_500000000000000_BOT_2018 |7 0 |8 A |9 488000 |a BIBTEO |b BIBTEO |i 5480434 |o 262.5 BOT 2018 |p 5480434 |r 2025-01-17 |w 2019-11-24 |y BK |z Catalogado en:20180713 |k ICR | ||